Craft of political research (Record no. 1464942)

MARC details
000 -LEADER
fixed length control field 00910 a2200265 4500
005 - DATE AND TIME OF LATEST TRANSACTION
control field 20251205124456.0
008 - FIXED-LENGTH DATA ELEMENTS--GENERAL INFORMATION
fixed length control field 251205b |||||||| |||| 00| 0 eng d
020 ## - INTERNATIONAL STANDARD BOOK NUMBER
International Standard Book Number 9781032414966 (pbk)
037 ## - SOURCE OF ACQUISITION
Terms of availability TB
040 ## - CATALOGING SOURCE
Original cataloging agency CRL
Transcribing agency CRL
041 ## - LANGUAGE CODE
Source of code eng
Language code of text/sound track or separate title eng
084 ## - COLON CLASSIFICATION NUMBER
Classification number W:f P2;R5
Assigning agency CRL
100 ## - MAIN ENTRY--PERSONAL NAME
Personal name Shively, W. Phillips
9 (RLIN) 849108
245 ## - TITLE STATEMENT
Title Craft of political research
250 ## - EDITION STATEMENT
Edition statement 11th Ed.
260 ## - PUBLICATION, DISTRIBUTION, ETC.
Place of publication, distribution, etc. New York, USA;
-- London, UK:
Name of publisher, distributor, etc. Routledge
Date of publication, distribution, etc. 2025
300 ## - PHYSICAL DESCRIPTION
Extent xv, 228p.
365 ## - TRADE PRICE
Price amount 65.99
Currency code UKP
650 ## - SUBJECT ADDED ENTRY--TOPICAL TERM
Topical term or geographic name entry element Political Science
9 (RLIN) 854875
650 ## - SUBJECT ADDED ENTRY--TOPICAL TERM
Topical term or geographic name entry element Research Methodology
9 (RLIN) 854876
700 ## - ADDED ENTRY--PERSONAL NAME
Personal name Shively, W. Phillips
Relator term author.
9 (RLIN) 854877
700 ## - ADDED ENTRY--PERSONAL NAME
Personal name Endersby, James W.
Relator term author.
9 (RLIN) 854878
942 ## - ADDED ENTRY ELEMENTS (KOHA)
Koha item type Textbook
Source of classification or shelving scheme Colon Classification (CC)
Suppress in OPAC No
Edition 11th Ed.
Classification part W:f P2;R5
Holdings
Withdrawn status Lost status Source of classification or shelving scheme Damaged status Not for loan Home library Current library Date acquired Source of acquisition Cost, normal purchase price Inventory number Total Checkouts Full call number Barcode Date last seen Cost, replacement price Price effective from Koha item type
    Colon Classification (CC)     Central Library Central Library 2025-10-24 4/ Classic Book Service 6301.78 063 & 2025-10-07   W:f P2;R5 CL1924180 2025-10-24 7877.23 2025-10-24 Textbook
Copyright @ Delhi University Library System